000 00524nam a2200181Ia 4500
001 24628
005 20260414151056.0
008 260414t2018||||xx |||||||||||||| ||spa||
041 _aESP
082 _a345.721
_bB141 V. 53
100 _aEstudio Mario Castillo Freyre
_eAUT
245 0 _aArbitraje :
_bactas del Quinto Congreso Internacional de Arbitraje y Conciliación de la Asociación Zambrano
260 _c2018
300 _a222 páginas :
_c24 cm.
650 _aDER
654 _aCDE
942 _cLIB
_dJUS
_fJUS
_2ddc
_n
999 _c24628
_d24628